Výhledy o ekonomice, sociálně-ekonomických procesech a zahraničně-obchodních vztazích Egyptské Arabské republiky

Gespeichert in:
Bibliographische Detailangaben
1. Verfasser: Pokorný, Vladimír
Weitere Verfasser: Kašparová, J.
Format: Buch
Sprache:Tschechisch
Veröffentlicht: Praha Výzkumný ústav pro zahraniční obchod 1971
Schriftenreihe:Ekonomické studie č. 7
Tags: Tag hinzufügen
Keine Tags, Fügen Sie das erste Tag hinzu!

MARC

LEADER 00000nam a2200000 4500
001 c121033
005 20041019155220.3
041 0 |a cze 
044 |a CZ 
245 1 0 |a Výhledy o ekonomice, sociálně-ekonomických procesech a zahraničně-obchodních vztazích Egyptské Arabské republiky  |c V. Pokorný, J. Kašparová 
264 1 |a Praha  |b Výzkumný ústav pro zahraniční obchod  |c 1971 
300 |a 75 s. 
490 1 |a Ekonomické studie  |v č. 7 
830 0 |a Ekonomické studie  |v č. 7 
100 1 |a Pokorný, Vladimír 
700 1 |a Kašparová, J.